Caidije /
Gespeichert in:
| Hauptverfasser: | , |
|---|---|
| Format: | Unbekannt |
| Sprache: | Spanish |
| Veröffentlicht: |
Cuba :
Editorial Oriente,
1988.
|
| Schlagworte: | |
| Tags: |
Tag hinzufügen
Keine Tags, Fügen Sie den ersten Tag hinzu!
|
MARC
| LEADER | 000000000a22000000004500 | ||
|---|---|---|---|
| 001 | 002781 | ||
| 041 | 0 | |a spa | |
| 082 | 0 | 4 | |a 390.972.91 |b G913c |
| 100 | 1 | |a Guanche, Jesús | |
| 100 | 1 | |a Moreno, Dennis | |
| 245 | 1 | 0 | |a Caidije / |c Jesús Guanche, Dennis Moreno. |
| 260 | 1 | |a Cuba : |b Editorial Oriente, |c 1988. | |
| 300 | |a 139 páginas | ||
| 650 | 4 | |a HAITIANOS | |
| 650 | 4 | |a CUBA | |
| 650 | 4 | |a CAIDIJE, CUBA | |
| 650 | 4 | |a VIDA SOCIAL Y COSTUMBRES | |
| 650 | 4 | |a INMIGRANTES | |
| 999 | |c 9137 |d 9137 | ||
| 942 | |c BK |h 390.972.91 G913c |2 z | ||
